000 00318nam a2200133 i 4500
001 bg
100 1 _aWEGNEWICKIJ, J. W.
245 0 _aOperacionnye magnitnye usiliteli /
_cJ.W. Wegnewickij.
260 _aMoskwa,
_c1971.
040 _cBPK
041 _apol
942 _cKS
008 s pl f |000 0 pol
999 _c14535
_d14535
856 _uhttp://koha.tu.koszalin.pl/cgi-bin/koha/opac-detail.pl?biblionumber=14535
_yKatalog online BPK